• 首页
  • 本馆介绍
  • 公告通知
  • 最新文献
  • 馆藏检索
  • 电子资源
  • 读者导购
  • 参考咨询
  • 我的图书馆
  • 登录
  • 详细信息显示
  • 放入我的书架
  • 预约/预借图书
  • 作者相关作品
  • 分类相关作品
  • 丛书相关作品
  • 出版社相关作品

书目信息

  • 表格格式
  • 工作单格式
  • 卡片格式
题名:
西洋近代政治思潮
    
 
作者: 浦薛凤 著
分册:  
出版信息: 北京   北京大学出版社  2007
页数: 14,532页
开本: 25cm
丛书名: 史学论丛
单 册:
中图分类: D091.4
科图分类:
主题词: 政治思想史--西方国家--近代
电子资源:
ISBN: 978-7-301-10299-2
000 00694oam2 2200241 450
001 1556729478
005 20150120154549.60
010    @a978-7-301-10299-2@dCNY55.00
100    @a20111117d2007 em y0chiy0110 ea
101 0  @achi
102    @aCN@b110000
105    @af z 000yy
200 1  @a西洋近代政治思潮@9xi yang jin dai zheng zhi si chao@f浦薛凤著
210    @a北京@c北京大学出版社@d2007
215    @a14,532页@c照片@d25cm
225 2  @a史学论丛@i外国史系列
461  0 @12001 @a史学论丛
462  0 @12001 @a外国史系列
606 0  @a政治思想史@y西方国家@z近代
690    @aD091.4@v5
701  0 @a浦薛凤@9Pu Xue Feng@4著
801  0 @aCN@bTSSF@c20150120
905    @aZUCC@dD091.4@eJY117
    
    西洋近代政治思潮/浦薛凤著.-北京:北京大学出版社,2007
    14,532页:照片;25cm.-(史学论丛.外国史系列)
    
    
    ISBN 978-7-301-10299-2:CNY55.00
    
●
相关链接 在E读中查询图书 在五车中查询图书 在当当中查询图书 在豆瓣中查询图书


正题名:西洋近代政治思潮     索取号:D091.4/JY117         预约/预借

序号 登录号 条形码 馆藏地/架位号 状态 备注
1 7836302   278363021   学院路分馆/ [索取号:D091.4/JY117] 在馆    
唐山师范学院图书馆 欢迎您!
大连网信软件有限公司© 版权所有